| 000 | 00569nam a22001817a 4500 | ||
|---|---|---|---|
| 005 | 20100928104557.0 | ||
| 008 | 100928t xxu||||| |||| 00| 0 eng d | ||
| 020 | _a1405485426 | ||
| 035 | _aB-220874 | ||
| 082 | _a000 | ||
| 100 |
_aGuest, John _922112 |
||
| 245 |
_aAmazing book of questions & answer / _cby John Guest |
||
| 260 |
_aNew York _bBack Pack Books _c2006 |
||
| 300 |
_a191p. _bill. _c27cm (Hb) |
||
| 500 | I | _aIncludes index | |
| 942 |
_2ddc _cCH _h000 _mGUE |
||
| 999 |
_c47870 _d47870 |
||